LEADER 01358nam--2200397---450- 001 990000745770203316 005 20090213174318.0 010 $a88-232-0350-3 035 $a0074577 035 $aUSA010074577 035 $a(ALEPH)000074577USA01 035 $a0074577 100 $a20011115d1993----km-y0itay0103----ba 101 $aita 102 $aIT 105 $a||||||||001yy 200 1 $aCondizioni e norme bancarie$econsultabile durante gli esami di maturità commerciale (ai sensi del D.M. 5/9/1962) ed utilizzabile per i concorsi bancari, anno scolastico 1992/93$e5. classe Istituti tecnici commerciali$fAntonio Keller 210 $aMilano$cCETIM$d1993 215 $a284 p$d20 cm 225 2 $aManuali CETIM$v5 410 $12001$aManuali CETIM$v5 606 0 $aOperazione bancaria$xLegislazione$xManuali 676 $a332 700 1$aKELLER,$bAntonio$072424 801 0$aIT$bsalbc$gISBD 912 $a990000745770203316 951 $a332 KEL 1 (IRA 31 197)$b2628 EC$cIRA 31$d00197749 951 $a332 KEL 1a (IRA 31 197)$b2629 EC$cIRA 31$d00197748 959 $aBK 969 $aECO 979 $aPATTY$b90$c20011115$lUSA01$h1305 979 $c20020403$lUSA01$h1722 979 $aPATRY$b90$c20040406$lUSA01$h1651 979 $aRSIAV2$b90$c20090213$lUSA01$h1743 996 $aCondizioni e norme bancarie$9963668 997 $aUNISA